01350nam a2200253 a 450000100060000000300090000600800410001502000150005604000280007108200180009910000940011724500350021125000060024626000370025230000080028950503580029759001370065565000480079265000450084065000290088594200120091499900170092695201530094321315CO-ViMGA141112s2004 ck r 000 u spa d a9589181953 aCO-ViMGAbspacCO-ViMGA04a658.562 M151g1 aMalagón - Londoño, Gustavo; Galán Morera, Ricardo; Pontón Laverde, Gabriel93039110aGarantía de calidad en salud a2 aBogotá; PanAméricana, c2006 a696 aReseña general sobre la calidad 1 - - La epidemiología fundamento para la calidad 103 - - La prevención de la infección en la institución de salud 219 - - Sistemas de administración ambiental y su aplicación en organizaciones de prestación de servicios de salud 371 - - Administración de conflictos para el logro de la excelencia 540  aForma de adquisición : Compra fact. 0860 - - Precio : 135000 - - Proveedor : Temas y libros - - Fecha de adquisición : Mayo 200714aADMINISTRACION DE SERVICIOS DE SALUD93039214aCALIDAD DE LOS SERVICIOS DE SALUD93039314aSERVICIOS DE SALUD96124 2ddccBK c29937d29937 00102ddc40708002aMEVIECARbMEVIECARd2015-12-04hVolumen. 1 | 11/jun/2009l0o658.562 M151g p21315r2015-12-04 00:00:00tEj. 1w2015-12-04yBK